000 00718nam a2200241Ia 4500
003 OSt
005 20220925224916.0
006 a|||||r|||| 00| 0
007 ta
008 220923b |||||||| |||| 00| 0 eng d
037 _cGeneral Book
040 _aRTL
_cRTL
_beng
041 _2eng
_aeng
082 _aYxM64:g, M8
100 _aMunch Richard
_9130920
245 0 _aUnderstanding modernity
_bTowards a new perspective going beyond durkheim and Weber
260 _aLondon
_bRoutledge Published
_c1988
300 _ax,358p
_ccm.
490 _aInternational Library of Sociology
650 _aSociology
942 _hYxM64:g, M8
_cGB
_2CC
999 _c582551
_d582551